<?xml version="1.0" encoding="UTF-8"?>
<record
    xmlns:xsi="http://www.w3.org/2001/XMLSchema-instance"
    xsi:schemaLocation="http://www.loc.gov/MARC21/slim http://www.loc.gov/standards/marcxml/schema/MARC21slim.xsd"
    xmlns="http://www.loc.gov/MARC21/slim">

  <leader>00865nam a2200253 a 4500</leader>
  <controlfield tag="001">BRCA_4505</controlfield>
  <controlfield tag="005">20190320204708.0</controlfield>
  <controlfield tag="008">140910m1960----sp-#######---#000-0#spa-#</controlfield>
  <datafield tag="041" ind1=" " ind2=" ">
    <subfield code="a">spa</subfield>
  </datafield>
  <datafield tag="044" ind1=" " ind2=" ">
    <subfield code="a">sp</subfield>
  </datafield>
  <datafield tag="050" ind1=" " ind2="4">
    <subfield code="a">Z1029</subfield>
    <subfield code="b">.B37 2 1960</subfield>
  </datafield>
  <datafield tag="100" ind1="1" ind2=" ">
    <subfield code="a">Bard&#xF3;n L&#xF3;pez, Luis</subfield>
    <subfield code="9">11407</subfield>
  </datafield>
  <datafield tag="245" ind1="1" ind2="0">
    <subfield code="a">Cat&#xE1;logo por orden alfab&#xE9;tico de libros antiguos, raros o curiosos que pone en venta la librer&#xED;a para bibli&#xF3;filos Luis Bard&#xF3;n L&#xF3;pez</subfield>
    <subfield code="c">Luis Bard&#xF3;n L&#xF3;pez.</subfield>
  </datafield>
  <datafield tag="260" ind1=" " ind2=" ">
    <subfield code="a">Madrid</subfield>
    <subfield code="b">Arges</subfield>
    <subfield code="c">1960</subfield>
  </datafield>
  <datafield tag="300" ind1=" " ind2=" ">
    <subfield code="a">42 p.</subfield>
    <subfield code="c">21 cm.</subfield>
  </datafield>
  <datafield tag="440" ind1=" " ind2="0">
    <subfield code="a">Cat&#xE1;logo por orden alfabetico de libros antiguos, raros o curiosos</subfield>
    <subfield code="v">42</subfield>
    <subfield code="9">11408</subfield>
  </datafield>
  <datafield tag="500" ind1=" " ind2=" ">
    <subfield code="a">Ver tambi&#xE9;n CFG6 (No. 40, 1959).</subfield>
  </datafield>
  <datafield tag="500" ind1=" " ind2=" ">
    <subfield code="a">CFG7</subfield>
  </datafield>
  <datafield tag="650" ind1="1" ind2="4">
    <subfield code="a">Libros antiguos</subfield>
    <subfield code="v">Cat&#xE1;logos</subfield>
    <subfield code="z">Madrid</subfield>
    <subfield code="9">11409</subfield>
  </datafield>
  <datafield tag="650" ind1="1" ind2="4">
    <subfield code="a">Libros raros</subfield>
    <subfield code="9">11410</subfield>
  </datafield>
  <datafield tag="650" ind1="1" ind2="4">
    <subfield code="a">Librer&#xED;as</subfield>
    <subfield code="x">Libreros</subfield>
    <subfield code="9">11411</subfield>
  </datafield>
  <datafield tag="902" ind1=" " ind2=" ">
    <subfield code="a">GFM</subfield>
  </datafield>
  <datafield tag="942" ind1=" " ind2=" ">
    <subfield code="2">lcc</subfield>
    <subfield code="c">B</subfield>
  </datafield>
  <datafield tag="999" ind1=" " ind2=" ">
    <subfield code="c">4211</subfield>
    <subfield code="d">4211</subfield>
  </datafield>
  <datafield tag="952" ind1=" " ind2=" ">
    <subfield code="0">0</subfield>
    <subfield code="1">0</subfield>
    <subfield code="4">0</subfield>
    <subfield code="7">0</subfield>
    <subfield code="a">BRCA</subfield>
    <subfield code="b">BRCA</subfield>
    <subfield code="d">2010-09-14</subfield>
    <subfield code="i">CFG7</subfield>
    <subfield code="l">0</subfield>
    <subfield code="o">Z1029 .B37 2 1960 (CFG7)</subfield>
    <subfield code="p">4502</subfield>
    <subfield code="r">2019-03-22 00:00:00</subfield>
    <subfield code="w">2019-03-22</subfield>
    <subfield code="y">B</subfield>
  </datafield>
</record>
